échelle de mots facile: de foot à ball - Statistiques

Statistiques générales
  • Ce quiz a été pris 908 fois
    817 depuis la dernière actualisation
  • Le résultat moyen est 15 sur 18
Statistiques - réponses
définition mot % Correct
Sport le plus populaire foot
100%
Pas vivant mort
96%
Puissant fort
95%
Mot du dessus en anglais (enlever 1 lettre) ball
94%
"+" en anglais more
90%
Objet sphérique utilisé pour jouer balle
88%
Accessoire de natation qui prolonge le pied palme
85%
Qui n’est pas énervé calme
84%
Sentiment d'être heureux joie
82%
Ce qu'on dit d'une personne belle (ajouter 1 lettre) jolie
79%
Espace pouvant recevoir plusieurs personnes salle
77%
Partie latérale du visage de l'homme joue
75%
Rue en espagnol ou dans un pays de langue espagnole calle
74%
Grimace que l'on fait en signe de dérision ou de mécontentement moue
70%
Coco Chanel et Yves Saint Laurent l'ont façonnée mode
69%
Trouble mental folie
68%
Aimable polie
62%
Personne malade qui devient blanche pâlie
61%
Aucun quiz correspondant
Distribution des résultats
% des personnes avec chaque résultat
Percentile par nombre de réponses
Votre historique - résultats
Vous n’avez pas pris ce quiz depuis la dernière actualisation